000 00500nam a2200169Ia 4500
003 OSt
005 20200615110153.0
008 190216s9999||||xx |||||||||||||| ||und||
020 _a8178800233
040 _coclc
082 _a305.420954
_bMAH/W
100 _aMahapatra, Subhasini
_92877
245 0 _aWomen And Politics /
_cSubhasini Mahapatra
260 _bRajat Publication,
_aNew Delhi:
_c2001.
300 _a367p
942 _cBK
_2ddc
_h305.420954
_iMAH/W
_k305.420954
_mMAH/W
999 _c21076
_d21076